| 000 | 00391ntaaa2200169 4500 | ||
|---|---|---|---|
| 003 | 01 | ||
| 005 | 20251027202340.0 | ||
| 008 | 0714s1973 ag 01 | ||
| 040 |
_aAR-BaBN _bspa _cAR-BaBN _eaacr _dRIC |
||
| 082 | _a297.0000 M27 | ||
| 100 | _aMahoma | ||
| 245 | _aThe Koran | ||
| 250 | _a1 ed. | ||
| 260 |
_aPhiladelphia : _bJ. W. Moore, _cc1850 |
||
| 300 |
_axx, 670 p ; _cmapas |
||
| 942 | _cBK | ||
| 999 |
_c18377 _d18377 |
||